000
00331 a2200145 4500
001
71054
020
_a
9788569522782
040
_c
Anchieta - Itaigara
100
_a
Deuser Van, Felipe
240
1
0
_a
Realidade alternativa
_l
por
245
1
0
_a
Realidade alternativa
362
0
_a
2018
650
4
_a
Ficção brasileira
942
_c
BK
999
_c
71054
_d
71054